00519nam a2200121Ia 4500008004100000020001800041050002400059245014400083260008500227300002900312521000900341650004700350140609s9999 xx 000 0 und d a9789719439240 aHF 5386b.N384 2011 aNegosyo :b50 inspiring stories of young entrepreneurs /c[Joey Concepcion] ; with an introduction by Mr. Mang Inasal Edgar "Injap" Sia III aMandaluyong City, Philippines :bPhilippine Center for Entrepreneurship,cc2011. a229 p. :bill. ;c23 cm. aBSBA aCreative ability in businessxPhilippines.